| 000 | 00681nam a2200193Ia 4500 | ||
|---|---|---|---|
| 003 | GCL | ||
| 008 | 140319s9999 xx 000 0 ara d | ||
| 040 |
_aGCL / _cGCL |
||
| 082 | 0 | 4 |
_a810.809287 _bا ا |
| 100 | 1 | _aابن قيم الجوزية: شمس الدين ابو عبدالله محمد بن ابى بكر | |
| 245 | 1 | 0 |
_aاخبار النساء / _cابن قيم الجوزية: شمس الدين ابو عبدالله محمد بن ابى بكر |
| 700 | 1 | _aنزار رضا | |
| 260 |
_aبيروت : _bدار مكتبة الحياة ، _c1988 |
||
| 300 | _a253 ص | ||
| 490 | _a | ||
| 650 | 0 | 4 | _aالادب العربى |
| 650 | 0 | 4 | _aالنساء |
| 942 |
_2ddc _cBK |
||
| 999 |
_c29890 _d29890 |
||